[Event "TORNEIO DE XADREZ 138º ANIVERSÁRIO -"]
[Site "Av. Rio Branco, 251 - Centro"]
[Date "2025.06.12"]
[Round "3.1"]
[White "Rogerio, Cerqueira Felix De"]
[Black "Adnilton, Correia De Almeida"]
[Result "1-0"]
[WhiteElo "1839"]
[BlackElo "1656"]
[Annotator "CB-SF17.1"]
[PlyCount "45"]
[EventDate "2025.??.??"]

{[%evp 0,45,61,42,28,11,32,-9,-16,-16,5,-15,21,-15,29,11,14,3,3,-5,-5,-14,-24,-37,3,-12,69,85,82,83,151,154,238,238,238,205,279,249,272,258,362,363,363,362,375,410,751,777]} 1. d4 Nf6 2. Nf3 d5 3. c4 e6 4. Bg5 Nbd7 5. Nc3 c6 6. e3 Qa5 7. Bxf6 Nxf6 8. a3 Ne4 9. Qc1 Nxc3 (9... f5 10. Bd3 Qd8 11. c5 b6 12. b4 bxc5 13. dxc5 Be7 14. Rb1 Bf6 15. Ne2 O-O 16. O-O e5 17. b5 Qe7 18. bxc6 Nxc5 19. Bc2 Be6 20. Qd1 Qd6 21. Ba4 Rfc8 22. Nc3 Nxa4 23. Qxa4 Qxc6 24. Rfc1 {Hertling,J (1718)-Reuter,J (2083) Krefeld GER 2023 0-1 (46)}) 10. bxc3 (10. Qxc3 Qxc3+ 11. bxc3 Be7 12. Be2 O-O 13. O-O f6 14. Nd2 b6 15. cxd5 cxd5 16. Bf3 Ba6 17. Rfc1 Rac8 18. e4 dxe4 19. Bxe4 f5 20. Bb1 Bg5 21. Ba2 Bxd2 22. Bxe6+ Kh8 23. Bxc8 Rxc8 24. Rc2 Bg5 {Mansoor,M (2205)-Tabernig,B (2285) Singapore 1990 0-1 (39)}) 10... Bd6 11. c5 Be7 $146 (11... Bb8 12. Nd2 O-O 13. Bd3 e5 14. Nb3 Qd8 15. a4 e4 16. Bf1 f5 17. g3 b6 18. Rb1 g5 19. Rg1 Kh8 20. Kd2 f4 21. Qe1 fxe3+ 22. fxe3 Qf6 23. Bg2 Ba6 24. Kc1 Qf2 25. Qxf2 Rxf2 26. Rb2 {Trompeter,M (1724)-Winden,H (1659) Moehnesee 2005 ½-½ (38)}) (11... Bc7 12. Bd3 b6 13. cxb6 axb6 14. O-O Ba6 15. c4 O-O 16. Qc2 Bxc4 17. Bxc4 dxc4 18. Qxc4 Rfc8 19. g3 Qa4 20. Rfc1 Qxc4 21. Rxc4 Bd6 22. Rac1 Bxa3 23. R1c3 c5 24. dxc5 Rxc5 25. Rxc5 bxc5 26. Ne5 {Penaranda Grilo,J (1930)-Rojas Pozo,J (1897) Madrid 2008 0-1 (50)}) 12. Bd3 b5 $4 {Blunder. b6 was best.} (12... b6) 13. O-O Qc7 14. a4 Ba6 $2 {Mistake. Rb8 was best.} (14... Rb8 15. Rb1 a6 16. e4 O-O 17. Re1 dxe4 18. Bxe4 Bf6 19. Bc2 g6 20. h4) 15. Qc2 O-O 16. Bxh7+ Kh8 17. Bd3 f5 18. Ne5 Rf6 19. Qe2 g6 $6 {Inaccuracy. Bxc5 was best.} (19... Bxc5 20. axb5 Bb7 21. bxc6 Bxc6 22. Nxc6 Bd6 23. Ne5 Bxe5 24. dxe5 Rh6 25. f4) 20. f4 Kg7 21. Rf3 Rh8 22. axb5 cxb5 23. Rxa6 {1-0 White wins. PRECISÃO: BRANCAS 97% PRETAS 84%} 1-0

[Event "TORNEIO DE XADREZ 138º ANIVERSÁRIO -"]
[Site "Av. Rio Branco, 251 - Centro"]
[Date "2025.06.12"]
[Round "3.2"]
[White "Jorge, Luiz Das Chagas Mac"]
[Black "Carlos, Alberto De Carvalho"]
[Result "1/2-1/2"]
[WhiteElo "1810"]
[BlackElo "1937"]
[Annotator "CB-SF17.1"]
[PlyCount "70"]
[EventDate "2025.??.??"]

{[%evp 0,70,25,17,31,-16,24,24,24,42,51,24,32,25,15,-7,10,-15,0,-9,-7,-10,-14,-10,-19,-43,-28,-28,-28,-41,-39,-33,15,-25,-31,-78,-78,-78,-78,-93,-65,-87,-102,-85,-93,-105,-67,-201,-201,-214,-238,-321,-146,-146,-35,-57,-57,-60,-60,-135,-127,-134,-135,-179,-191,-191,-140,-157,-157,-193,-142,-197,-106]} 1. d4 e6 2. c4 b6 3. Nf3 Bb7 4. Nc3 f5 5. Bg5 Nf6 6. e3 Bb4 7. Qc2 O-O 8. Bd3 d6 9. O-O-O Bxc3 10. bxc3 $146 (10. Qxc3 Qe8 11. Bxf6 Rxf6 12. Qc2 Rg6 13. Rhg1 Rxg2 14. Rxg2 Bxf3 15. Rdg1 Bxg2 16. Rxg2 Nc6 17. Qc3 Qf7 18. f4 Re8 19. Kb1 Qh5 20. a3 Qh3 21. Bf1 Qf3 22. Qd3 Rf8 23. Rg3 Qf2 24. Rg2 Qe1+ {Kolotilina,L-Korbut,E (2180) Serpukhov 1999 0-1 (44)}) 10... h6 11. Bxf6 Qxf6 12. h4 $6 {Inaccuracy. Rhg1 was best.} (12. Rhg1 Nd7) 12... Nc6 13. h5 e5 14. Nh4 e4 $6 {Inaccuracy. Ne7 was best.} (14... Ne7 15. f4 a6 16. Rdf1 e4 17. Be2 b5 18. Kd2 bxc4 19. Bxc4+ Bd5 20. Bxd5+) 15. Be2 Na5 16. g3 $6 {Inaccuracy. Ng6 was best.} (16. Ng6) 16... Ba6 17. c5 $6 {Inaccuracy. Ng6 was best.} (17. Ng6 Rfe8 18. Qa4 d5 19. Nf4 c6 20. cxd5 Bxe2 21. Nxe2 cxd5 22. Nf4 Qf7) 17... Bxe2 18. Qxe2 dxc5 19. Ng6 Rfe8 20. Ne5 $2 {Mistake. Kd2 was best.} (20. Kd2 Qf7) 20... cxd4 21. exd4 Qd6 $6 {Inaccuracy. c5 was best.} (21... c5 22. f4 exf3 23. Qxf3 cxd4 24. cxd4 Rac8+ 25. Kb1 Qd6 26. Ka1 Nc4 27. Qb3) 22. Qb2 $6 {Inaccuracy. g4 was best.} (22. g4) 22... Qd5 $6 {Inaccuracy. c5 was best.} (22... c5 23. Kb1 cxd4 24. cxd4 b5 25. Ka1 Rab8 26. Rb1 b4 27. Rhc1 Rb5 28. g4) 23. c4 $4 {Blunder. g4 was best.} (23. g4 fxg4 24. Rhg1 c5 25. Nxg4 Kh8 26. dxc5 Qxc5 27. Nxh6 gxh6 28. Rg6 Nc4) 23... Nxc4 24. Qb3 b5 25. Kb1 Nb6 $2 {Mistake. c5 was best.} (25... c5 26. Nxc4 bxc4 27. dxc5 Qxc5 28. Qe3 Qb5+ 29. Ka1 Rad8 30. Rxd8 Rxd8 31. Qc3) 26. Rc1 Rxe5 $6 {Inaccuracy. Rad8 was best.} (26... Rad8 27. Rhd1 Qxb3+ 28. axb3 Nd5 29. Rc5 a6 30. Ng6 Rd6 31. Kb2 c6 32. Kc2) 27. dxe5 Nc4 28. Rhd1 Qxe5 29. Qc3 $6 {Inaccuracy. Rd7 was best.} (29. Rd7 Re8) 29... Qe7 30. Rd5 Rf8 $6 {Inaccuracy. c6 was best.} (30... c6 31. Rd4 c5 32. Rd5 e3 33. fxe3 Qe4+ 34. Qd3 Qg2 35. Rc2 Na3+ 36. Qxa3) 31. Ka1 $2 {Mistake. Rcd1 was best.} (31. Rcd1 Rf7) 31... c6 32. Rdd1 Rd8 33. Rxd8+ Qxd8 34. Kb1 c5 $6 {Inaccuracy. Kh7 was best.} (34... Kh7 35. a4 a6 36. Ka2 Qd5 37. Ka1 Qf7 38. Rd1 Qxh5 39. Rd7 Qg6 40. Qd4) 35. Kc2 $6 {Inaccuracy. a4 was best.} (35. a4 a6 36. Ka2 Kh7 37. Qb3 Qd7 38. Qc3 Qf7 39. Qb3 Qe8 40. Ka1 Qe7) 35... Qd4 $2 {Mistake. Qe8 was best. 1/2-1/2 wins. PRECISÃO: BRANCAS 87% PRETAS 88%} (35... Qe8 36. g4 fxg4 37. a4 a6 38. Re1 Qe6 39. Re2 Qf5 40. Kc1 Qg5+ 41. Kc2) 1/2-1/2

[Event "TORNEIO DE XADREZ 138º ANIVERSÁRIO -"]
[Site "Av. Rio Branco, 251 - Centro"]
[Date "2025.06.12"]
[Round "3.3"]
[White "Wallace, Fernandes Machado"]
[Black "Carlos, Henrique Luz Da Cos"]
[Result "1-0"]
[WhiteElo "1791"]
[BlackElo "1657"]
[Annotator "CB-SF17.1"]
[PlyCount "67"]
[EventDate "2025.??.??"]

{[%evp 0,67,26,-16,2,35,54,2,53,31,66,17,53,67,111,6,45,20,31,-11,-12,-14,-11,-16,4,-25,-43,-38,-19,-22,5,-17,34,7,0,-5,4,-98,-19,-108,-19,-38,-32,-50,-58,-54,-30,-1,11,-17,50,15,125,104,136,118,121,311,311,135,135,60,110,112,788,889,889,889,29999,-30000]} 1. c4 g6 2. Nf3 Bg7 3. g3 b6 4. Bg2 Bb7 5. O-O (5. Nc3 d6 (5... Nf6 6. d4 Ne4 7. O-O Nxc3 8. bxc3 O-O 9. Rb1 d6 10. Qc2 Nd7 11. e4 e5 12. Re1 Qe7 13. Bg5 f6 14. Bd2 Rae8 15. a4 a5 16. Qc1 Qf7 17. Qc2 Qxc4 18. d5 Nc5 19. Bf1 Qxa4 {Yalcinkaya,E (2207)-Stefansson,V (2546) chess.com INT 2025 0-1 (77)}) 6. d4 e6 7. O-O Nd7 8. e4 Ngf6 9. d5 e5 10. b4 a5 11. Ba3 O-O 12. bxa5 Rxa5 13. Bb4 Ra6 14. a4 Qe7 15. Qc2 Rfa8 16. Ra2 Nc5 17. Nd2 h5 18. Rfa1 h4 19. a5 hxg3 {Mogranzini,R (2514)-Bonafede,A (2411) Rome 2016 0-1 (40)}) 5... d6 6. Nc3 e5 $146 (6... e6 7. d3 (7. Qc2 Nd7 8. b3 Ne7 9. Bb2 a6 10. Nd5 e5 11. e4 O-O 12. d4 c6 13. Ne3 h6 14. Rad1 Qc7 15. dxe5 dxe5 16. Rd2 c5 17. Rfd1 Rad8 18. Nh4 Nc6 19. Nd5 Qb8 20. f4 Rfe8 21. f5 {Trauth,M (2165)-Coqueraut,L (1869) Arco 2008 ½-½ (72)}) 7... Ne7 8. e4 Nd7 9. Be3 h6 10. Qd2 g5 11. h4 gxh4 12. Nxh4 Ne5 13. Qe2 h5 14. d4 Ng4 15. Bf3 Nc6 16. Bxg4 hxg4 17. Qxg4 Bf6 18. Nf3 e5 19. Nd5 Bc8 20. Qg5 Bxg5 21. Bxg5 {Trauth,M (2221)-McShane,L (2438) Arco 2000 0-1 (39)}) (6... Nd7 7. d4 e6 8. e4 Ne7 9. Re1 O-O 10. Qc2 a6 11. b3 h6 12. Bb2 e5 13. Rad1 Nc6 14. dxe5 Ndxe5 15. Nxe5 Nxe5 16. f4 Nd7 17. Nd5 Bxd5 18. cxd5 Bxb2 19. Qxb2 a5 20. e5 Nc5 21. e6 {Chiku-Ratte,O (2335)-Jimenez Almeida,L (2200) chess.com INT 2024 1-0}) 7. Qc2 Nf6 8. d3 Nbd7 9. b4 O-O 10. Bg5 h6 11. Bd2 Re8 12. Rad1 $6 {Inaccuracy. e4 was best.} (12. e4) 12... a5 $6 {Inaccuracy. e4 was best.} (12... e4) 13. a3 $6 {Inaccuracy. b5 was best.} (13. b5 Nc5) 13... Qe7 $6 {Inaccuracy. e4 was best.} (13... e4 14. dxe4 axb4 15. axb4 Nxe4 16. Nd4 Ndf6 17. Ndb5 Qd7 18. Nxe4 Bxe4 19. Bxe4) 14. Ra1 $2 {Mistake. e4 was best.} (14. e4) 14... Ra6 $2 {Mistake. e4 was best.} (14... e4) 15. Rfb1 $6 {Inaccuracy. b5 was best.} (15. b5) 15... Rea8 $6 {Inaccuracy. e4 was best.} (15... e4 16. b5) 16. b5 R6a7 17. a4 Nc5 18. e3 Re8 $6 {Inaccuracy. e4 was best.} (18... e4 19. dxe4) 19. Re1 $2 {Mistake. e4 was best.} (19. e4 Raa8 20. Re1 Rf8 21. Rad1 Rae8 22. d4 exd4 23. Nxd4 Ng4 24. Bc1 f5) 19... Qd7 $2 {Mistake. Nxd3 was best.} (19... Nxd3) 20. d4 $6 {Inaccuracy. e4 was best.} (20. e4 Qd8 21. h4 Ra8 22. Rad1 Ng4 23. Nh2 Bc8 24. Bc1 Nf6 25. Be3 Ng4) 20... Nce4 21. Nxe4 Bxe4 22. Qb2 exd4 23. exd4 c5 $2 {Mistake. Raa8 was best.} (23... Raa8) 24. Bc3 Qd8 $6 {Inaccuracy. cxd4 was best.} (24... cxd4 25. Bxd4 Qd8 26. Nh4 Bxg2 27. Nxg2 Rae7 28. Rxe7 Rxe7 29. Rd1 Re4 30. Ne3) 25. Rad1 $4 {Blunder. dxc5 was best.} (25. dxc5 bxc5 26. Nh4 Bb7 27. Bxb7 Rxb7 28. Ng2 Kh7 29. Rad1 Rxe1+ 30. Rxe1 Nh5) 25... Nh7 $4 {Blunder. Rc7 was best.} (25... Rc7) 26. dxc5 Bxc3 27. Qxc3 Bxf3 $6 {Inaccuracy. bxc5 was best.} (27... bxc5 28. Ne5 Bxg2 29. Ng4 f6 30. Kxg2 Rae7 31. Ne3 Re5 32. h4 f5 33. Nd5) 28. Rxe8+ Qxe8 29. Bxf3 dxc5 30. Qd3 $2 {Mistake. Rd6 was best.} (30. Rd6 Nf8 31. Rxb6 Qd8 32. Rc6 Ne6 33. Bd5 Nd4 34. Qd3 Kh7 35. Rxc5 Qf6) 30... Qb8 $2 {Mistake. Qe6 was best.} (30... Qe6 31. Qd8+ Kg7 32. Bc6 Qg4 33. Re1 Ng5 34. Qxb6 Nh3+ 35. Kg2 Nf4+ 36. Kf1) 31. Bd5 $4 {Blunder. Qd8+ was best.} (31. Qd8+) 31... Nf6 $4 {Checkmate is now unavoidable. Kg7 was best.} (31... Kg7 32. Bc6) 32. Qxg6+ Kf8 33. Qxf6 Re7 $2 {Checkmate is now unavoidable. Kg8 was best.} (33... Kg8 34. Bc6 Ra8 35. Bxa8 Qxa8 36. Rd8+ Qxd8 37. Qxd8+ Kg7 38. Kg2 h5 39. Kh3) 34. Qh8# {1-0 White wins. PRECISÃO: BRANCAS 84% PRETAS 76%} 1-0

[Event "TORNEIO DE XADREZ 138º ANIVERSÁRIO -"]
[Site "Av. Rio Branco, 251 - Centro"]
[Date "2025.06.12"]
[Round "3.4"]
[White "Sirlei, Pereira De Azevedo"]
[Black "Joao, Eudes De Oliveira"]
[Result "1-0"]
[WhiteElo "1614"]
[BlackElo "1796"]
[Annotator "CB-SF17.1"]
[PlyCount "43"]
[EventDate "2025.??.??"]

{[%evp 0,43,30,20,66,37,111,70,70,37,62,55,82,41,34,4,20,-21,-22,-62,-50,-35,0,-9,14,14,14,-26,66,-118,-99,-116,-83,-120,-73,-132,-111,-112,19,-75,-76,-86,571,617,617,617]} 1. e4 c5 2. Nf3 d6 3. d4 cxd4 4. Nxd4 Nf6 5. Nc3 a6 6. Bd3 e5 7. Nde2 Be7 8. f4 Nc6 (8... O-O 9. f5 b5 10. Bg5 Nbd7 11. O-O b4 12. Bxf6 Nxf6 13. Nd5 Bb7 14. Nxf6+ Bxf6 15. Ng3 d5 16. exd5 Bxd5 17. Be4 Qb6+ 18. Kh1 Bc4 19. Rf3 Rad8 20. Bd3 Bd5 21. Rf1 e4 22. Be2 Bxb2 23. Rb1 {Marochkina,Y (1872)-Preobrazhenskaya,D (2068) FIDE Online Arena INT 2024 1-0 (47)}) 9. f5 Bd7 $6 {Inaccuracy. d5 was best.} (9... d5 10. exd5) 10. O-O Qc7 11. a3 $146 (11. Ng3 b5 12. a3 Rb8 13. b4 Nd4 14. Bb2 O-O 15. Nh5 Bc6 16. Nxf6+ Bxf6 17. Ne2 Nxe2+ 18. Qxe2 Qb6+ 19. Kh1 Qd8 20. Rf3 Kh8 21. Rh3 h6 22. Rf1 Bg5 23. Qg4 Qf6 24. Bc1 Kg8 25. Bxg5 Qxg5 {Boll,E-Luft,V Guben 2000 1-0 (41)}) 11... b5 $6 {Inaccuracy. Nb8 was best.} (11... Nb8) 12. Nd5 Nxd5 13. exd5 Nd8 14. c4 $2 {Mistake. Ng3 was best.} (14. Ng3 f6) 14... bxc4 15. Bb1 $6 {Inaccuracy. Bc2 was best.} (15. Bc2 Nb7) 15... f6 16. Rf3 Nf7 17. Be3 $6 {Inaccuracy. Rg3 was best.} (17. Rg3 O-O 18. Nc3 Kh8 19. Kh1 Qc8 20. Qh5 Rb8 21. Bc2 Bd8 22. Rh3 h6) 17... Rc8 $6 {Inaccuracy. Rb8 was best.} (17... Rb8 18. Bc1 O-O 19. Kh1 Bd8 20. Ba2 Qc5 21. Be3 Qc8 22. Qc2 e4 23. Rf4) 18. Nc3 Bd8 19. Rg3 Rg8 20. Qh5 $6 {Inaccuracy. Bc2 was best.} (20. Bc2) 20... g5 $4 {Blunder. Qb7 was best.} (20... Qb7) 21. fxg6 hxg6 22. Bxg6 {1-0 White wins. PRECISÃO: BRANCAS 88% PRETAS 69%} 1-0

[Event "TORNEIO DE XADREZ 138º ANIVERSÁRIO -"]
[Site "Av. Rio Branco, 251 - Centro"]
[Date "2025.06.12"]
[Round "3.7"]
[White "Sergio, Murilo Soares Guima"]
[Black "Joao, Carlos Reginaldo E"]
[Result "1-0"]
[WhiteElo "1887"]
[BlackElo "1423"]
[Annotator "CB-SF17.1"]
[PlyCount "50"]
[EventDate "2025.??.??"]

{[%evp 0,50,22,11,35,31,11,21,75,52,76,76,101,114,118,113,294,296,296,286,283,290,310,290,291,263,325,321,336,314,332,314,314,274,274,265,242,244,253,270,266,259,278,300,330,330,330,319,341,341,344,315,341]} 1. e4 e5 2. Nf3 Nc6 3. d4 d6 $6 {Inaccuracy. exd4 was best.} (3... exd4 4. Nxd4 Nf6 5. Nc3 Bb4 6. Nxc6 bxc6 7. Bd3 d5 8. Bd2) 4. dxe5 dxe5 5. Qxd8+ Nxd8 $2 {Mistake. Kxd8 was best.} (5... Kxd8 6. Nc3 Bd7 7. Bc4 Ke8 8. Be3 Bd6 9. Nd2 Nf6 10. f3) 6. Nxe5 Bd6 7. Nc4 Nf6 $2 {Mistake. Bb4+ was best.} (7... Bb4+ 8. Bd2 Bxd2+ 9. Nbxd2 Be6 10. Nb3 Nf6 11. Nc5 Nd7 12. Nxd7) 8. e5 Bxe5 9. Nxe5 O-O 10. Be3 Re8 11. Nc4 Bf5 12. Bd3 Be6 $146 (12... Bd7 13. O-O Nc6 14. Bg5 Nd5 15. Nba3 h6 16. Bh4 Re6 17. Bf5 {1-0 (17) Singh,A-Mattingley,B Hull ENG 2024}) 13. Nba3 a6 14. O-O b5 15. Nd2 Nc6 16. c3 Rad8 17. Be2 Nd5 18. Nf3 Nxe3 19. fxe3 f6 20. Kf2 Bg4 21. Rad1 Rc8 22. h3 Bf5 23. Nd4 Be4 24. Bf3 Bxf3 25. Nxf3 (25. gxf3) 25... Rcd8 {1-0 White wins. PRECISÃO: BRANCAS 98% PRETAS 90%} 1-0